• 首页
  • 本馆介绍
  • 公告通知
  • 最新文献
  • 馆藏检索
  • 电子资源
  • 读者导购
  • 参考咨询
  • 我的图书馆
  • 登录
  • 详细信息显示
  • 放入我的书架
  • 预约/预借图书
  • 作者相关作品
  • 分类相关作品
  • 丛书相关作品
  • 出版社相关作品

书目信息

  • 表格格式
  • 工作单格式
  • 卡片格式
题名:
洞察人性
    
 
作者: 阿德勒 著 ;张晓晨 译
分册:  
出版信息: 上海   上海三联书店  2016
页数: 12,270页
开本: 21cm
丛书名: 阿德勒心理学经典文丛
单 册:
中图分类: B038
科图分类:
主题词: 人性--ren xing--研究
电子资源:
ISBN: 978-7-5426-5627-8
000 01095nam0 22002771 450
001 0115101243
005 20170415101243.0
010    @a978-7-5426-5627-8@b精装@dCNY35.00
100    @a20160928d2016 em y0chiy50 ea
101 1  @achi@ceng
102    @aCN@b310000
105    @ay z 000yy
106    @ar
200 1  @a洞察人性@Adong cha ren xing@dUnderstanding human nature@f(奥)阿尔弗雷德·阿德勒(Alfred adler)著@g张晓晨译@zeng
210    @a上海@c上海三联书店@d2016
215    @a12,270页@d21cm
225 2  @a阿德勒心理学经典文丛@Aa de le xin li xue jing dian wen cong
330    @a本书分“人的行为”和“性格科学”两大部分。作者运用个体心理学的原理,对人的性格进行了科学的剖析,着重强调人的社会性和社会感,强调个人的人生观和价值观在形成性格的过程中所起的作用。
461  0 @12001 @a阿德勒心理学经典文丛
510 1  @aUnderstanding human nature@zeng
606 0  @a人性@Aren xing@x研究
690    @aB038@v5
701  0 @c(奥)@a阿德勒@Aa de le@c(Adler, Alfred@f1870-1937)@4著
702  0 @a张晓晨@Azhang xiao chen@4译
801  0 @aCN@bTANGWEI@c20170308
905    @b0965880-2@dB038@e39@f3
    
    洞察人性=Understanding human nature/(奥)阿尔弗雷德·阿德勒(Alfred adler)著/张晓晨译.-上海:上海三联书店,2016
    12,270页;21cm.-(阿德勒心理学经典文丛)
    
    
    ISBN 978-7-5426-5627-8(精装):CNY35.00
    本书分“人的行为”和“性格科学”两大部分。作者运用个体心理学的原理,对人的性格进行了科学的剖析,着重强调人的社会性和社会感,强调个人的人生观和价值观在形成性格的过程中所起的作用。
●
相关链接 在E读中查询图书 在五车中查询图书 在当当中查询图书 在豆瓣中查询图书


正题名:洞察人性     索取号:B038/39         预约/预借

序号 登录号 条形码 馆藏地/架位号 状态 备注
1 0965880   209658805   第一样本阅览室/ [索取号:B038/39] 在馆    
2 0965881   209658814   第一借阅区/ [索取号:B038/39] 在馆    
3 0965882   209658823   第一借阅区/ [索取号:B038/39] 在馆    
欢迎您!
大连网信软件有限公司© 版权所有